A USERS GUIDE TO PATENTS (Record no. 7824)

MARC details
000 -LEADER
fixed length control field 00424nam a22001817a 4500
005 - DATE AND TIME OF LATEST TRANSACTION
control field 20210904141542.0
008 - FIXED-LENGTH DATA ELEMENTS--GENERAL INFORMATION
fixed length control field 210823b ||||| |||| 00| 0 eng d
020 ## - INTERNATIONAL STANDARD BOOK NUMBER
ISBN 9781847668905
041 ## - LANGUAGE CODE
Language code of text/sound track or separate title eng
082 ## - DEWEY DECIMAL CLASSIFICATION NUMBER
Classification number 346.410
100 ## - MAIN ENTRY--AUTHOR NAME
Personal name COOK, TREVOR
245 ## - TITLE STATEMENT
Title A USERS GUIDE TO PATENTS
250 ## - EDITION STATEMENT
Edition statement 3rd ed.
260 ## - PUBLICATION, DISTRIBUTION, ETC. (IMPRINT)
Place of publication BLOOMSBURY PVT.LTD
Name of publisher W.S.
Year of publication 2011
300 ## - PHYSICAL DESCRIPTION
Number of Pages 839;p.
650 ## - SUBJECT ADDED ENTRY--TOPICAL TERM
Topical Term LAW
942 ## - ADDED ENTRY ELEMENTS (KOHA)
Koha item type Books
Holdings
Lost status Damaged status Collection code Home library Current library Shelving location Date acquired Source of acquisition Full call number Accession Number Koha item type
    LAW JRU Library JRU Library SHELF-30-E 23/08/2021 PURCESS 346.410 25848 Books